As representações sobre as revoluções cubana e sandinista na revista exílica Araucaria de Chile (1978-1990) /
Se analizan las representaciones de la Revolución Cubana y Sandinista presentes en la revista Araucaria de Chile, durante los años de 1978 a 1990. Se busca vincular los análisis políticos publicados en la revista a la condición de exilio intelectual, el contexto dictatorial vivido por Chile en las d...
Salvato in:
| Autore principale: | |
|---|---|
| Natura: | Libro |
| Lingua: | Spanish |
| Soggetti: | |
| Tags: |
Aggiungi Tag
Nessun Tag, puoi essere il primo ad aggiungerne!!
|
MARC
| LEADER | 00000nam a22000007a 4500 | ||
|---|---|---|---|
| 003 | cru CIDCACS/IIS | ||
| 005 | 20170825112104.0 | ||
| 007 | ta | ||
| 008 | 170810t mx |||p|r|||| 00| 0 spa d | ||
| 999 | |c 19571 |d 19571 | ||
| 040 | |c cru CIDCACS/IIS | ||
| 100 | 1 | |9 5152 |a Coelho Neto, Raphael | |
| 245 | 1 | |a As representações sobre as revoluções cubana e sandinista na revista exílica Araucaria de Chile (1978-1990) / |c Raphael Coelho Neto | |
| 300 | |a Páginas 157-184 | ||
| 520 | |a Se analizan las representaciones de la Revolución Cubana y Sandinista presentes en la revista Araucaria de Chile, durante los años de 1978 a 1990. Se busca vincular los análisis políticos publicados en la revista a la condición de exilio intelectual, el contexto dictatorial vivido por Chile en las décadas de 1970 y 1980 y a la línea editorial de la revista. Primero, se muestran las perspectivas teórico metodológicas; seguido, se aborda el tema de la revista Araucaria de Chile y las representaciones intelectuales sobre la Cuba y Nicaragua revolucionarias. Se finaliza afirmando que en la revista estudiada, su posicionamiento favorable a los movimientos sociales revolucionarios de izquierda, como la oposición a las dictaduras militares, se insertaron en un contexto de Guerra Fría y de fuerte compromiso de los intelectuales latinoamericanos, impulsándolos a la escena pública y a la aparición en los medios. | ||
| 650 | 1 | 0 | |9 2583 |a PUBLICACIONES PERIODICAS |
| 650 | 1 | 0 | |9 131 |a DICTADURA |
| 650 | 1 | 0 | |9 5182 |a REVOLUCION CUBANA |
| 650 | 1 | 0 | |9 5164 |a REVOLUCION SANDINISTA |
| 650 | 0 | |9 4627 |a EXILIO | |
| 651 | 1 | 0 | |9 135 |a CHILE |
| 773 | 0 | |0 19263 |9 1100 |a Universidad Nacional Autónoma de México (UNAM) |d México: UNAM N° 36 (2003- ) |o 18296 |t Latinoamérica: |x 16658574 | |
| 942 | |2 ddc |c PP | ||
